| 000 | 00493nam a2200169Ia 4500 | ||
|---|---|---|---|
| 005 | 20250508151453.0 | ||
| 008 | 008 250505s9999 xx 000 0 eng d | ||
| 037 | _aBooks to be hide in OPAC | ||
| 040 |
_aFEDL _beng _cFEDL |
||
| 041 |
_aeng _2eng |
||
| 084 |
_a734.54, BUR/O _qFEDL |
||
| 100 |
_aBurnier Raymond _9156203 |
||
| 245 | 0 | _aHindu medieval sculpture | |
| 260 |
_aParis, France _bLa Palme I, Rue Beaujon |
||
| 942 |
_cHB _h734.54, BUR/O |
||
| 999 |
_c1330012 _d1330012 |
||